000 00508nam a2200181Ia 4500
003 LK-CoDNM
008 010623t1990 xxu||||| |||| 00| 1 sin d
040 _aLK-CoDNM
_dLK-CoDNM
_eLK-CoDNM
041 _asin
080 _ax 929 KAH
100 _aPannawansa, Balangoda
_rev
_eed.
245 _aකහවන්දල පඩිහිමිපාණෝ
246 _aKahavandala padihimipano
260 _bDepartment of Buddhist affairs
_c1990
300 _b12, 21.5 cm
650 _aBiography
942 _cBK
999 _c114700
_d114700